00344nam a2200121Ia 4500008004100000041000800041082001200049100001900061245003900080260004000119300001900159520004400178240719s9999 xx 000 0 und d aeng a920 SIN aSinha, Arunava aThe Great Indian Stories Ever Told aNew DehlibAleph Book Companyc2023 a528;. P. 23 Cm aFaculty Purchase By Dr. Jitendra Sharma